000 01672cam a2200301 a 4500
999 _c10079
_d10079
001 733248572
003 OCoLC
005 20241126110725.0
008 111121s2011 oru b 000 0 eng
010 _a2011047651
020 _a9780736947831 (pbk.)
020 _a0736947833 (pbk.)
035 _a(OCoLC)733248572
040 _aDLC
_beng
_cDLC
_dBTCTA
_dBDX
_dLTP
_dOCLCO
042 _apcc
082 _a236.9
_bPOP
092 _a236.9
_bP831
245 0 4 _aThe popular handbook on the Rapture /
_cgeneral editors, Tim LaHaye, Thomas Ice, and Ed Hindson
260 _aEugene, Or. :
_bHarvest House Publishers,
_cc2011
300 _a313 p. :
_bill. ;
_c22 cm
504 _aIncludes bibliographical references
520 _a"Why is there so much confusion about how and when the rapture will take place? Will Christians go through the Tribulation or be spared from it? What is next on God's prophetic timetable? More than ever, as world crises escalate, Christians are asking important questions about the rapture and second coming. In their search for answers they're discovering widely divergent views about the end times. Why all the different perspectives? Tim LaHaye, Thomas Ice, and Ed Hindson have brought together a team of respected Bible prophecy experts who look carefully to God's Word for clarity. This resource includes the latest research on rapture teaching, careful Bible scholarship, and answers that give Christians both comfort and hope for the future" --Cover, p. 4
650 0 _aRapture (Christian eschatology)
_91501
700 1 _aLaHaye, Tim F
_91025
700 1 _aIce, Thomas
_92040
700 1 _aHindson, Edward E
_91732
942 _2ddc
_cREF